Colors del Mediterrani = Colores del Mediterraneo. (Record no. 5123)
[ view plain ]
| 000 -CABECERA | |
|---|---|
| Campo de control de longitud fija | 00838nam a2200241 a 4500 |
| 001 - NÚMERO DE CONTROL | |
| Campo de control | 3682 |
| 003 - IDENTIFICADOR DEL NÚMERO DE CONTROL | |
| Campo de control | IED_BCN |
| 005 - FECHA Y HORA DE LA ÚLTIMA TRANSACCIÓN | |
| Campo de control | 20191220112426.0 |
| 008 - CÓDIGOS DE INFORMACIÓN DE LONGITUD FIJA | |
| Campo de control de longitud fija | 190619b ||||| |||| 00| 0 cat d |
| 010 ## - NÚMERO DE CONTROL DE LA BIBLIOTECA DEL CONGRESO | |
| Número de control de LC | 000003682 |
| 020 00 - NÚMERO INTERNACIONAL NORMALIZADO PARA LIBROS (ISBN) | |
| Número Internacional Normalizado para Libros (ISBN) | 9788493776411 |
| 024 ## - OTROS IDENTIFICADORES NORMALIZADOS | |
| Fuente del número o código | Dipòsit legal |
| Número normalizado o código | B. 46224-2010 |
| 035 00 - NÚMERO DE CONTROL DEL SISTEMA | |
| Número de control del sistema | 3795 |
| 040 ## - FUENTE DE LA CATALOGACIÓN | |
| Centro transcriptor | IED_BCN |
| 245 10 - MENCIÓN DE TÍTULO | |
| Título | Colors del Mediterrani = Colores del Mediterraneo. |
| Resto del título | Colorants naturals per a un tèxtil sostenible? = ¿Colorantes naturales para un textil sostenible? |
| 260 00 - PUBLICATION, DISTRIBUTION, ETC. (IMPRINT) | |
| Lugar de publicación distribución etc. | Terrassa : |
| Nombre del editor distribuidor etc. | Centre de Documentació i Museu Tèxtil, |
| Fecha de publicación distribución etc. | 2010 |
| 300 00 - DESCRIPCIÓN FÍSICA | |
| Extensión | 207 p. : |
| Otras características físicas | il.col. ; |
| Dimensiones | 31 cm |
| 650 #7 - PUNTO DE ACCESO ADICIONAL DE MATERIA - TÉRMINO DE MATERIA | |
| Término de materia o nombre geográfico como elemento inicial | Tints i tenyit |
| Fuente del encabezamiento o término | lemac |
| 9 (RLIN) | 4404 |
| 650 #7 - PUNTO DE ACCESO ADICIONAL DE MATERIA - TÉRMINO DE MATERIA | |
| Término de materia o nombre geográfico como elemento inicial | Teixits i tèxtils |
| Fuente del encabezamiento o término | lemac |
| 9 (RLIN) | 4509 |
| 650 #0 - PUNTO DE ACCESO ADICIONAL DE MATERIA - TÉRMINO DE MATERIA | |
| Término de materia o nombre geográfico como elemento inicial | Color en la indústria tèxtil |
| 9 (RLIN) | 4290 |
| 710 ## - PUNTO DE ACCESO ADICIONAL - NOMBRE DE ENTIDAD | |
| 9 (RLIN) | 89 |
| Nombre de entidad o nombre de jurisdicción como elemento inicial | Museu Tèxtil i d'Indumentària (Barcelona) |
| 942 ## - ENTRADA PARA ELEMENTOS AGREGADOS (KOHA) | |
| Fuente de clasificación o esquema de ordenación en estanterías | Library of Congress Classification |
| Koha [por defecto] tipo de item | Llibre |
| Suprimido | Estado de pérdida | Fuente de clasificación o esquema de ordenación en estanterías | Estropeado | No para préstamo | Código de colección | Localización permanente | Localización actual | Localización en estanterías | Fecha de adquisición | Fuente de adquisición | Enumeración de seriadas / cronología | Préstamos totales | Signatura completa | Código de barras | Fecha última consulta | Fecha del precio de reemplazo | Tipo de item de Koha |
|---|---|---|---|---|---|---|---|---|---|---|---|---|---|---|---|---|---|
| Library of Congress Classification | Moda - Fashion | IED Barcelona | IED Barcelona | Sala | 29/04/2011 | 2 | Núm. | M12.017.4 Col | 2019-0522 | 01/02/2018 | 01/02/2018 | Llibre_M |
